| 000 | 00442nam a2200145 4500 | ||
|---|---|---|---|
| 001 | 114021 | ||
| 003 | ES-MaACL | ||
| 005 | 20230906190047.0 | ||
| 007 | t| | ||
| 008 | 061121s1902 xxu r ||||1| eng d | ||
| 100 | 1 |
_aPalmer, Theodore Sherman. _988644 |
|
| 245 | 1 | 0 |
_aLegislation for the protection of birds, other than game birds / _cT. S. Palmer. |
| 260 |
_aWashington : _bGoverment Printing Office, _c1902. |
||
| 852 |
_aES-MaACL _jT-1110-F-4 |
||
| 999 |
_c114021 _d114021 |
||